000 00399nam a2200181Ia 4500
001 11146
005 20260306161924.0
008 260306t1945||||xx |||||||||||||| ||spa||
041 _aESP
082 _a985.0093
_bM64
100 _aMiro Quesada, Aurelio
_eAUT
245 0 _aEl inca Garcilaso
260 _c1945
300 _a
_c
650 _aGEN
654 _aCHU
942 _cLIB
_dJUS
_fJUS
_2ddc
_n
999 _c11146
_d11146